Nghiên cứu tổng hợp Pheromone giới tính bướm của sâu róm thông : Luận văn Thạc sĩ Hóa học. Chuyên ngành: Hóa hữu cơ
Tổng hợp (Z5, E7)-dodecadien-1-ol từ những nguyên liệu dễ tìm mua hoặc có thể tổng hợp trong điều kiện của Việt Nam như pentan-1,5-diol, hex-1-yne. Phản ứng chìa khóa của con đường tổng hợp (Z5,E7)-dodecadien-1-ol là phản ứng Bodroux-Chichibabin trong...
Tallennettuna:
| Päätekijä: | |
|---|---|
| Aineistotyyppi: | Kirja |
| Kieli: | Undetermined |
| Julkaistu: |
Cần Thơ
Trường Đại học Cần Thơ
2011
|
| Aiheet: | |
| Tagit: |
Lisää tagi
Ei tageja, Lisää ensimmäinen tagi!
|
| Thư viện lưu trữ: | Trung tâm Học liệu Trường Đại học Cần Thơ |
|---|
| LEADER | 01292nam a2200229Ia 4500 | ||
|---|---|---|---|
| 001 | CTU_170805 | ||
| 008 | 210402s9999 xx 000 0 und d | ||
| 082 | |a 547.2 | ||
| 082 | |b V500 | ||
| 088 | |a 60440114 | ||
| 100 | |a Nguyễn, Hoàng Quốc Vũ | ||
| 245 | 0 | |a Nghiên cứu tổng hợp Pheromone giới tính bướm của sâu róm thông : | |
| 245 | 0 | |b Luận văn Thạc sĩ Hóa học. Chuyên ngành: Hóa hữu cơ | |
| 245 | 0 | |c Nguyễn Hoàng Quốc Vũ ; Nguyễn Công Hào (Hướng dẫn Khoa học) | |
| 260 | |a Cần Thơ | ||
| 260 | |b Trường Đại học Cần Thơ | ||
| 260 | |c 2011 | ||
| 520 | |a Tổng hợp (Z5, E7)-dodecadien-1-ol từ những nguyên liệu dễ tìm mua hoặc có thể tổng hợp trong điều kiện của Việt Nam như pentan-1,5-diol, hex-1-yne. Phản ứng chìa khóa của con đường tổng hợp (Z5,E7)-dodecadien-1-ol là phản ứng Bodroux-Chichibabin trong dung môi THF và toluene,.... | ||
| 650 | |a Chemistry, Organic,Organic compounds,Hóa hữu cơ,Hợp chất hữu cơ | ||
| 650 | |x Synthesis,Tổng hợp | ||
| 904 | |i Năm | ||
| 980 | |a Trung tâm Học liệu Trường Đại học Cần Thơ | ||